000 00618nam a2200193Ia 4500
005 20260114185832.0
008 008 260114s9999 xx 000 0 eng d
020 _a9780755624515
037 _aEBOOK
040 _aCRL
_beng
_cCRL
041 _aeng
_2eng
084 _qCRL
100 _aJames Noyes
_9874983
245 4 _aThe Politics of Iconoclasm Religion, Violence and the Culture of Image-Breaking in Christianity and Islam
260 _bBloomsbury
_c2013
856 _uhttps://doi.org/10.5040/9780755624515?locatt=label:secondary_bloomsburyCollections
942 _cEBOOK
999 _c1473917
_d1473917